000 01336nam0a2200373 4500
001 RU\NLR\BIBL_A\012744189
005 20260220102915.0
010 _a978-5-17-137015-2
_92000
021 _aRU
_bКН-П-21-087785
_9КН-П-21-6997
035 _a(NLR Aleph) 012744189
035 _a(RuMoRGB)010919857
090 _a13011829
_c13011829
100 _a20220329d2021 k y0rusy50 ca
101 1 _arus
_ceng
102 _aRU
105 _aa z 000zy
181 0 _ai3
_baxxe
182 0 _an
200 1 _aСтратегия: логика войны и мира
_fЭдвард Люттвак
_gперевод с английского В. Желнинова
203 _aТекст
_bвизуальный
_cнепосредственный
210 _aМосква
_cАСТ
_d2021
215 _a447 с.
_cтабл.
_d22
225 1 _aСерия "Мировой порядок"
313 _aПо изд. 2017
320 _aБиблиогр.: с. 441-447
333 _a16+
606 _aСтратегия военная
_91040721
_3RU\NLR\AUTH\6682787
675 _a355.43
_v4
686 1 _aЦ2,5(0)3
700 1 _aЛюттвак
_bЭ. Н.
_f1942-
_gЭдвард Николае
_9166705
_3RU\NLR\AUTH\770166752
942 _cBOOK
980 _aNB